=LDR 00000nam 2200000 4500 =001 INLIS000000000010599 =005 20230517072106 =035 ##$$a 0010-061300000010599 =008 230517################g##########0#ind## =041 ##$$a Ind =082 ##$$a 347.05 =090 ##$$a 347.05, Ram h =100 ##$$a Rambe, Ropaun =245 1#$$a Hukum Acara Perdata Lengkap /$c Ropaun Rambe =260 ##$$a Jakarta :$b Sinar Grafika,$c 2003 =300 ##$$a xiv, 437 hlm, ; $c 21 x 15 cm. =650 #4$$a Hukum Acara Perdata =850 ##$$a NBPNMAT =020 ##$$a 979-8767-85-3 =084 ##$$a 347.05 RAM h =250 ##$$a Cet.2 =990 ##$$a 20610514 =990 ##$$a 20610513 =990 ##$$a 20610515 =990 ##$$a 20610512